Management cockpit war room

Velín ako riadiace centrum. Vývoj funkcie velína. Význam informačného riadiaceho centra manažmentu v podniku. Koncepcia a funkčnosť takého centra. Využitie centra manažmentu a jeho budúcnosť.

Guardado en:
Detalles Bibliográficos
Autor principal: Daum, Jurgen H.
Formato: Capítulo de libro
Lenguaje:checo
Materias:
Etiquetas: Agregar Etiqueta
Sin Etiquetas, Sea el primero en etiquetar este registro!

MARC

LEADER 00000naa$a2200000$$$4500
001 0071726
005 20230509080905.3
041 0 |a cze 
044 |a CZ 
245 1 0 |a Management cockpit war room  |c Jurgen H. Daum 
520 |a Velín ako riadiace centrum. Vývoj funkcie velína. Význam informačného riadiaceho centra manažmentu v podniku. Koncepcia a funkčnosť takého centra. Využitie centra manažmentu a jeho budúcnosť. 
610 2 0 |a riadenie 
610 2 0 |a manažéri 
610 2 0 |a podnik 
610 2 0 |a informácie 
610 2 0 |a nástroje riadenia 
100 1 |a Daum, Jurgen H.